<?xml version="1.0" encoding="UTF-8"?><?xml-stylesheet type="text/xsl" href="static/style.xsl"?><OAI-PMH xmlns="http://www.openarchives.org/OAI/2.0/" xmlns:xsi="http://www.w3.org/2001/XMLSchema-instance" xsi:schemaLocation="http://www.openarchives.org/OAI/2.0/ http://www.openarchives.org/OAI/2.0/OAI-PMH.xsd"><responseDate>2026-04-17T23:15:45Z</responseDate><request verb="GetRecord" identifier="oai:riubu.ubu.es:10259/10473" metadataPrefix="marc">https://riubu.ubu.es/oai/request</request><GetRecord><record><header><identifier>oai:riubu.ubu.es:10259/10473</identifier><datestamp>2025-05-16T00:05:25Z</datestamp><setSpec>com_10259_5786</setSpec><setSpec>com_10259_5086</setSpec><setSpec>com_10259_2604</setSpec><setSpec>col_10259_5787</setSpec></header><metadata><record xmlns="http://www.loc.gov/MARC21/slim" xmlns:doc="http://www.lyncode.com/xoai" xmlns:xsi="http://www.w3.org/2001/XMLSchema-instance" xmlns:dcterms="http://purl.org/dc/terms/" xsi:schemaLocation="http://www.loc.gov/MARC21/slim http://www.loc.gov/standards/marcxml/schema/MARC21slim.xsd">
<leader>00925njm 22002777a 4500</leader>
<datafield tag="042" ind1=" " ind2=" ">
<subfield code="a">dc</subfield>
</datafield>
<datafield tag="720" ind1=" " ind2=" ">
<subfield code="a">Arroyo del Bosque, Rubén</subfield>
<subfield code="e">author</subfield>
</datafield>
<datafield tag="720" ind1=" " ind2=" ">
<subfield code="a">San Martín González, Paula</subfield>
<subfield code="e">author</subfield>
</datafield>
<datafield tag="720" ind1=" " ind2=" ">
<subfield code="a">Amatria Jiménez, Mario</subfield>
<subfield code="e">author</subfield>
</datafield>
<datafield tag="260" ind1=" " ind2=" ">
<subfield code="c">2024</subfield>
</datafield>
<datafield tag="520" ind1=" " ind2=" ">
<subfield code="a">En la actualidad, los Grados vinculados con las Ciencias de la Salud en España continúan&#xd;
siendo una parte integral del sistema educativo del país. Estos programas académicos abarcan&#xd;
una amplia gama de disciplinas relacionadas con la salud, incluyendo medicina, enfermería,&#xd;
fisioterapia, farmacia, odontología, psicología, Ciencias de la Actividad Física y del Deporte entre&#xd;
otros. La convergencia hacia el Espacio Europeo de Enseñanza Superior (EEES) ha puesto de&#xd;
relieve la importancia del dominio de competencias transversales en la formación universitaria&#xd;
(Hernanz et al. 2004). Por competencia se entiende “pericia, aptitud, idoneidad para hacer algo&#xd;
o intervenir en un asunto importante” (RAE, 2014, p.604). Así, las nuevas orientaciones marcan&#xd;
la necesidad de precisar tanto las competencias específicas de cada titulación como las&#xd;
transversales. Realizándose un esfuerzo significativo en los últimos años para determinar qué&#xd;
competencias profesionales deberían adquirir los graduados en ciencias de la salud para&#xd;
garantizar que la formación en el período universitario se adapte a lo que se requerirá de ellos&#xd;
como graduados (Baños y Pérez, 2005).</subfield>
</datafield>
<datafield tag="024" ind2=" " ind1="8">
<subfield code="a">978-84-1070-507-4</subfield>
</datafield>
<datafield tag="024" ind2=" " ind1="8">
<subfield code="a">http://hdl.handle.net/10259/10473</subfield>
</datafield>
<datafield tag="245" ind1="0" ind2="0">
<subfield code="a">Autoeficacia para el liderazgo emprendedor en estudiantes de ciencias de la salud</subfield>
</datafield>
</record></metadata></record></GetRecord></OAI-PMH>